| 000 | 00852nam a2200229 a 4500 | ||
|---|---|---|---|
| 001 | 000040622 | ||
| 005 | 20240521134623.0 | ||
| 008 | 130904s20uu dr ad r 000 0 spa d | ||
| 040 |
_aDO-SdBNP _bspa _cBNPHU |
||
| 082 |
_a363.738 _bR426p |
||
| 245 | 0 | 0 | _aPrimer inventario nacional de emisiones de contaminantes criterio. |
| 260 |
_aSanto Domingo : _bMinisterio de Medio Ambiente, _c[200?]. |
||
| 300 |
_a19 p. : _bil., gráfcs. ; _c22 cm. |
||
| 590 | _aInventariado, 2018/BT | ||
| 650 | 0 |
_aPolítica ambiental _97280 |
|
| 650 | 4 |
_aContaminantes químicos _966967 |
|
| 650 | 4 |
_aEfectos de la contaminación _966968 |
|
| 650 | 4 |
_aImpacto ambiental _922172 |
|
| 650 | 4 |
_aProtección del medio ambiente _94185 |
|
| 710 | 1 | 2 |
_aRepública Dominicana. _bMinisterio de Medio Ambiente y Recursos Naturales _966969 |
| 910 | _aValidado. Control de calidad. EMS | ||
| 999 |
_c40112 _d40112 |
||